Kraje w których korzystałem z toalety - Statystyki

Ogólne statystyki
  • Ten quiz został rozwiązany 26 razy
  • Średni wynik to 8 z 10
Odpowiedzi na mapie
Odpowiedzi zakodowano w zielono-czerwonej skali na mapie do tego quizu, zgodnie z poniższymi procentami.
 
Statystyki odpowiedzi
Podpowiedź Kraj % Poprawnych
Kakaovy chlebicek Czechy
95%
Pudzian powiedział że gurom Polska
95%
Kakaovy chlebicek v2 Slowacja
95%
Lengyerorszag Wegry
95%
Buon giorno signiore e signiori Wlochy
95%
Malarz przejął władzę Niemcy
91%
Najlepsi przyjaciele z Kosowem, ale dobry chleb mają Serbia
91%
A bogdaj pieruna Dzeusie Grecja
77%
Skopje ci [[cztery litery]] Macedonia
73%
Fajny sklep z mieczami mają i zamki wsm San marino
32%
Nie znaleziono quizów pasujących do podanych kryteriów
Rozkład punktacji
Procent ludzi z każdym wynikiem
Percentyl według liczby udzielonych odpowiedzi
Twoja historia wyników
Nie rozwiązałeś tego quizu